| 000 | 00699nam0a22002411 4500 | ||
|---|---|---|---|
| 001 | v19\rc\1939078 | ||
| 005 | 20250619200533.0 | ||
| 035 | _a(NLR Aleph) 005022834 | ||
| 090 |
_a6607590 _c6607590 |
||
| 100 | _a20080404d1914 |||y0rusy50 ca | ||
| 101 | 0 | _arus | |
| 102 | _aRU | ||
| 105 | _ay z |||a| | ||
| 200 | 1 |
_aЗверь-человек _eРассказ _f[Соч.] Х. Шумхина |
|
| 210 |
_aМосква _cРус. печ. _d1914 |
||
| 215 |
_a16 с. _d15 |
||
| 700 | 1 |
_aШухмин _bХ.А. _gХристофор Алексеевич |
|
| 801 | 0 |
_aRU _bNLR _gpsbo |
|
| 801 | 0 |
_aRU _bRuMoRGB _2psbo |
|
| 801 | 1 |
_aRU _bProSoft-M _2rusmarc |
|
| 852 |
_aNLR _j37.54.8.470 |
||
| 942 | _cBOOK | ||
| 980 | _aNB | ||